Top 25 Most Popular Baby Girl Names - Statistics

General Stats
  • This quiz has been taken 60 times
  • The average score is 15 of 25
Answer Stats
Beginning Letter Answer % Correct
O _ _ _ _ _ Olivia
96%
M _ _ Mia
90%
I _ _ _ _ _ _ _ Isabella
84%
E _ _ _ Emma
82%
A _ _ Ava
76%
C _ _ _ _ _ _ _ _ Charlotte
74%
E _ _ _ _ _ _ _ _ Elizabeth
74%
E _ _ _ _ Emily
68%
P _ _ _ _ _ _ _ Penelope
68%
L _ _ _ Lily
64%
E _ _ _ _ _ Evelyn
62%
V _ _ _ _ _ Violet
62%
A _ _ _ _ _ Amelia
60%
C _ _ _ _ Chloe
56%
N _ _ _ Nora
56%
S _ _ _ _ Sofia
54%
A _ _ _ Aria
50%
H _ _ _ _ _ Harper
48%
L _ _ _ Luna
44%
E _ _ _ _ _ _ Eleanor
38%
S _ _ _ _ _ _ _ Scarlett
38%
G _ _ _ _ _ Gianna
34%
H _ _ _ _ Hazel
34%
C _ _ _ _ _ Camila
26%
A _ _ _ _ _ Aurora
22%
No matching quizzes found
Score Distribution
Percent of People with Each Score
Percentile by Number Answered
Your Score History
You have not taken this quiz